000 00637nam a2200229 i 4500
001 67856
003 ES-MaACL
005 20250616063043.0
007 t|
008 040206s1983 sp ||||1| spa d
020 _a84-85887-23-9
100 1 _aGállego, Julián,
_d1919-2006
_953537
245 1 0 _aDiego Velázquez /
_cJulián Gallego.
250 _a1ª ed.
260 _aBarcelona :
_bAnthropos,
_c1983.
300 _a206 p. ;
_c19 cm.
490 1 _aPalabra plastica ;
_v2
504 _aBibliografía.
830 0 _aPalabra plastica ;
_v2
_9177413
852 _aES-MaACL
_jL-10897
_bR.110856
999 _c67856
_d67856